[Event "SLO-chT2 West"]
[Site "Komenda"]
[Date "2016.11.12"]
[Round "3.6"]
[White "Ravnik, Franc"]
[Black "Sharku, Hysen"]
[Result "0-1"]
[WhiteElo "1920"]
[BlackElo "2041"]
[PlyCount "40"]
[EventDate "2016.11.11"]
[EventType "team-tourn"]
[EventRounds "9"]
[EventCountry "SLO"]
[SourceTitle "EXT 2019"]
[Source "ChessBase"]
[SourceDate "2018.10.10"]
[SourceVersion "1"]
[SourceVersionDate "2018.10.10"]
[SourceQuality "1"]
[WhiteTeam "Jesenice"]
[BlackTeam "Loska Dolina"]
[WhiteTeamCountry "SLO"]
[BlackTeamCountry "SLO"]

1. e4 c5 2. Nf3 Nc6 3. d4 cxd4 4. Nxd4 Qb6 5. Nb3 Nf6 6. Nc3 e5 7. Be3 Qd8 8. Bc4 Bb4 9. 0-0 Bxc3 10. bxc3 0-0 11. f3 Qc7 12. Bc5 Re8 13. Qd2 Na5 14. Bd6 Qb6+ 15. Bc5 Nxc4 16. Qd3 Qa6 17. Bf2 b6 18. a4 Na5 19. Qd2 Qc4 20. Nc1 d5 0-1

[Event "SLO-chT2 West"]
[Site "Komenda"]
[Date "2016.11.11"]
[Round "1.5"]
[White "Sharku, Hysen"]
[Black "Delost, Josko"]
[Result "1-0"]
[WhiteElo "2041"]
[BlackElo "1666"]
[PlyCount "99"]
[EventDate "2016.11.11"]
[EventType "team-tourn"]
[EventRounds "9"]
[EventCountry "SLO"]
[SourceTitle "EXT 2019"]
[Source "ChessBase"]
[SourceDate "2018.10.10"]
[SourceVersion "1"]
[SourceVersionDate "2018.10.10"]
[SourceQuality "1"]
[WhiteTeam "Loska Dolina"]
[BlackTeam "Ilirska Bistrica Rimex"]
[WhiteTeamCountry "SLO"]
[BlackTeamCountry "SLO"]

1. Nf3 d5 2. b3 Nf6 3. Bb2 Bf5 4. h3 h6 5. g4 Bh7 6. d3 e6 7. Nbd2 Nbd7 8. Rg1 g5 9. e4 dxe4 10. Nxe4 Bxe4 11. dxe4 Rg8 12. Bd3 c6 13. Qe2 Qa5+ 14. Qd2 Qxd2+ 15. Nxd2 Be7 16. c4 0-0-0 17. 0-0-0 Nc5 18. Bc2 Nd3+ 19. Bxd3 Rxd3 20. Rg3 Rgd8 21. e5 Ne8 22. Kc2 Rxg3 23. fxg3 Nc7 24. Rf1 Rf8 25. Ne4 Ne8 26. Bd4 b6 27. c5 b5 28. Nd6+ Bxd6 29. cxd6 a6 30. Kd3 Kd7 31. a4 f5 32. axb5 axb5 33. Ra1 Nxd6 34. Ra7+ Nb7 35. Rxb7+ Kc8 36. Re7 fxg4 37. hxg4 Rf3+ 38. Be3 Rxg3 39. Rxe6 Kd7 40. Rxh6 Rxg4 41. e6+ Ke8 42. Bc5 Rh4 43. Rxh4 gxh4 44. Ke3 h3 45. Kf3 h2 46. Kg2 h1Q+ 47. Kxh1 Kd8 48. b4 Kc7 49. Kg2 Kd8 50. Kf3 1-0